000 00739nam a2200277Ia 4500
003 OSt
005 20220912151504.0
006 a|||||r|||| 00| 0
007 ta
008 220909b |||||||| |||| 00| 0 eng d
024 _a29773
037 _cTextual
040 _aCSL
_beng
_cCSL
041 _aeng
082 _aB48, K7
100 _aMikusinski Jan
245 0 _aOperational calculus
260 _aOxford
_bPergamon Press
_c1967
300 _a500p.
_ccm.
490 _aInternational series of monographs in pure and applied mathematics; 8
650 _a Finite difference
650 _a REF calculus
650 _aMathematics
942 _hB48, K7
_cTEXL
_2CC
999 _c69759
_d69759